000 00980nam0a22002531 4500
001 rc\4598184
005 20260407121202.0
021 _aRU
_bРг604-60
035 _a(NLR Aleph) 008387091
090 _a9153961
_c9153961
100 _a20130416d1959 |||y0rusy50 ca
101 0 _arus
102 _aRU
105 _ay z |||||
200 1 _aИнструкция № 12 о положениях: порядка инструктажа по безопасным методам работы и регистрации и учета несчастных случаев, связанных с производством
210 _aМинск
_cБ. и.
_d1959
215 _a16 с.
_d19
300 _aЗагл. с незначительными изменениями
710 0 2 _aМинский автомобильный завод
_3RU\NLR\AUTH\8810069769
_9641141
801 0 _aRU
_bNLR
_gpsbo
801 1 _aRU
_bELAR
_2rusmarc
852 _aNLR
_j60-4/2803
942 _cBOOK
980 _aNB